000 00492nam a2200181Ia 4500
005 20250326124109.0
008 250326s9999 xx 000 0 und d
037 _aTextbook
040 _aFMSL
_beng
_cFMSL
041 _aeng
_2eng
084 _aX:4 J9
_qFMSL
100 _aFair M L
_9736762
245 0 _aEconomics of transportation
_cFair M L; Williams E W
260 _aNY
_bNY, Harper & Brothers
_c1959
300 _a684p
942 _cTB
_hX:4 J9
999 _c1272268
_d1272268